• 首页
  • 本馆介绍
  • 公告通知
  • 最新文献
  • 馆藏检索
  • 电子资源
  • 读者荐购
  • 参考咨询
  • CALIS
  • 我的图书馆
  • 登录
  • 详细信息显示
  • 放入我的书架
  • 预约/预借图书
  • 作者相关作品
  • 分类相关作品
  • 丛书相关作品
  • 出版社相关作品

书目信息

  • 表格格式
  • 工作单格式
  • 卡片格式
题名:
电子商务概论
    
 
作者: 甘嵘静 , 陈文林 主编
分册:  
出版信息: 北京   电子工业出版社  2006.05
页数: 14, 302页
开本: 26cm
丛书名:
单 册:
中图分类: F713.36
科图分类:
主题词: 电子商务--dian zi shang wu--高等学校--教材
电子资源:
ISBN: 7-121-02186-2
 
 
 
 
 
000 00979nam0 2200253 450
001 012006986668
005 20060921101030.00
010    @a7-121-02186-2@dCNY27.00
100    @a20060705d2006 km y0chiy0120 ea
101 0  @achi
102    @aCN@b110000
105    @aa a 000yy
200 1  @a电子商务概论@Adian zi shang wu gai lun@f甘嵘静, 陈文林主编@Fgan rong jing,chen wen lin zhu bian
210    @a北京@c电子工业出版社@d2006.05
215    @a14, 302页@c图@d26cm
320    @a有书目 (第301-302页)。
330    @a本书介绍了电子商务的基本原理和技术,以及网络技术、数据库技术、网站开发与管理技术、电子商务安全、电子商务的管理学原理、电子商务支付系统、网络营销、供应链管理、电子商务物流管理、电子商务客户关系管理等内容。
333    @a高等学校教材
606 0  @a电子商务@Adian zi shang wu@x高等学校@j教材
690    @aF713.36@v4
701  0 @a甘嵘静@Agan rong jing@4主编
701  0 @a陈文林@Achen wen lin@4主编
801  0 @aCN@bQSSK@c20060921
905    @a10447@dF713.36@eG023
    
    电子商务概论/甘嵘静, 陈文林主编.-北京:电子工业出版社,2006.05
    14, 302页:图;26cm
    使用对象:高等学校教材
    
    ISBN 7-121-02186-2:CNY27.00
    本书介绍了电子商务的基本原理和技术,以及网络技术、数据库技术、网站开发与管理技术、电子商务安全、电子商务的管理学原理、电子商务支付系统、网络营销、供应链管理、电子商务物流管理、电子商务客户关系管理等内容。
●
相关链接 在E读中查询图书 在当当中查询图书 在豆瓣中查询图书


正题名:电子商务概论     索取号:F713.36/G023         预约/预借

序号 登录号 条形码 馆藏地/架位号 状态 备注
1 594310   205943103   社科库409/409社科库 41排6列1层/ [索取号:F713.36/G023] 在馆    
2 594311   205943112   社科二线422/409社科库 41排6列1层/ [索取号:F713.36/G023] 在馆    
3 594312   205943121   社科库409/409社科库 41排6列1层/ [索取号:F713.36/G023] 在馆    
河南城建学院图书馆 欢迎您!
大连网信软件有限公司© 版权所有